| 000 | 01119nam a22002537i 4500 | ||
|---|---|---|---|
| 999 |
_c22835 _d22835 |
||
| 003 | AR-CdUCM | ||
| 008 | 240419b20132013pe ||||| |||| 00| 0 spa d | ||
| 040 |
_aMUNICIPALIDAD PROVINCIAL DEL CUSCO _cBIBLIOTECA MUNICIPAL DEL CUSCO |
||
| 082 |
_a353.422 / HEI _bHEI |
||
| 100 |
_aMinisterio de Educación _918298 |
||
| 245 |
_aHacia una Educación Intercultural Bilingüe de calidad : _bPropuesta Pedagógica / |
||
| 260 |
_aLima : _c2013 |
||
| 300 |
_a148 Páginas. : _c20.5 cm. |
||
| 500 | _zBibliografía: páginas 109-117 | ||
| 505 | _aPropuesta Pedagógica -- Diversidad e identidad -- Enfoques pedagógicos -- La escuela intercultural bilingüe que queremos | ||
| 650 |
_aDel país que somos al país que queremos _949586 |
||
| 650 |
_aLos enfoques de los que partimos _949587 |
||
| 650 |
_aLa escuela intercultural bilingüe que queremos _949588 |
||
| 650 |
_aCómo organizamos y planificamos nuestro trabajo en esta escuela EIB _949589 |
||
| 650 |
_aCómo desarrollamos los procesos pedagógicos en una escuela EIB _949590 |
||
| 856 | _fwww.minedu.gob.pe | ||
| 942 |
_2ddc _cLIBROS |
||
| 945 |
_apbj _d2024-04-19 |
||